000 00859nam a22002537a 4500
001 9798
003 FISKH
005 20260225163040.0
008 260225b cb ||||| |||| 00| 0 eng d
020 _a9780385152136
040 _aFISKH
_beng
_cFISKH
_dFISKH
050 _aPR4141 .E7
082 _a821.7
100 _aBlake , William
245 _aThe poetry and prose of William Blake /
_cby William Blake : Edited by David V.Erdman : Commentary by Harold Bloom
250 _aNewly Revised Edition
260 _aNew York :
_bVintage Books ,
_c1965 .
300 _a990 pages :
_billustrations ;
_c23 cm .
520 _aCritical commentary illuminating Blake's allusions and references accompanies the texts of his poetic and prose works.
650 _aRomanticism
_vFiction
650 _a18th Century
_vFiction
942 _2ddc
_cBK
_n0
999 _c9798
_d9798